| 000 | 00567nam a22001577a 4500 | ||
|---|---|---|---|
| 999 |
_c15484 _d15484 |
||
| 003 | OSt | ||
| 008 | 180925b ||||| |||| 00| 0 eng d | ||
| 082 |
_a631.587 _bLIN/DE |
||
| 100 |
_aLinsha C.P _aRiyola George _aSreeduth S. _93824 |
||
| 245 | _aDevelopment and evaluation of a tray type protected cultivation system for fodder crop | ||
| 260 |
_aThavanur _bDepartment of irrigation and drainage engineering _c2018 |
||
| 300 |
_a52 _eCD |
||
| 700 |
_aVishnu B. (Guide) _93219 |
||
| 856 | _uhttps://drive.google.com/open?id=1JUZ0JOKFsmyjqS77R7xwr4K2H4_KcJJr | ||
| 942 | _cPR | ||